Capitali che iniziano con la C - Statistics

Statistiche generali
  • Questo quiz è stato fatto 122 volte
  • Il punteggio medio è 8 su 11
Statistiche sulle risposte
Popolazione (ab.) Continente Capitale % Corretto
410 301 Oceania Canberra
89%
5 942 652 America del Sud Caracas
88%
852 Europa Città del Vaticano
86%
9 209 944 America del Nord Città del Messico
80%
732 500 Europa Chișinău
72%
638 117 Europa Copenaghen
72%
4 500 000 America del Nord Città del Guatemala
66%
3 776 000 Africa Città del Capo
63%
11 147 America del Nord Castries
59%
3 667 582 Africa Conakry
48%
4 054 Europa Città di San Marino
36%
Nessun quiz corrispondente trovato
Distribuzione punteggi
Percentuale di utenti per punteggio
Percentile per numero di risposta
I tuoi punteggi nel tempo
Non hai fatto questo quiz